000 01685nam0a2200385 4500
001 RU\NLR\BIBL_A\022667408
005 20260127100816.0
010 _a978-5-4461-2028-4
_91000
021 _aRU
_bКН-П-25-059401
_9КН-П-25-5719
035 _a(NLR Aleph) 022667408
090 _a13539513
_c13539513
100 _a20251118d2026 u y0rusy50 ca
101 1 _arus
_ceng
102 _aRU
105 _aa 7 000zy
181 0 _ai3
_baxxe
182 0 _an
200 1 _aСемья, в которой все можно изменить
_fВирджиния Сатир, Мишель Болдуин
_g[перевод с английского О. Шилова]
203 _aТекст
_bвизуальный
_cнепосредственный
210 _aСанкт-петербург [и др.]
_cПитер
_d2026 (печ. 2025)
215 _a207 с.
_cил.
_d24
225 1 _aМастера психологии
300 _aЗагл. и авт. ориг.: Satir step by step: a guide to creating change in families/ Virginia Satir, Michele Baldwin
320 _aБиблиогр.: с. 203-207
333 _a16+
454 0 _12001#$aSatir step by step: a guide to creating change in families$fVirginia Satir, Michele Baldwin
_1700#1$aSatir$bV.$f1916-1988$gVirginia
_1701#1$aBaldwin$bM.$gMichele
606 1 _aСемейная терапия
_2nlr_sh1
_2nlr_sh2
_3RU\NLR\AUTH\6623746
686 1 _aЮ949.246
686 1 _aР357.19
700 1 _aСатир
_bВ.
_f1916-1988
_gВирджиния
701 1 _aБолдуин
_bМ.
_gМишель
942 _cBOOK
980 _aNB